000 00763cam a2200253 a 4500
001 2070947
005 20180313094809.0
008 941101s1995 mau d 000 0 eng
010 _a 94042879
020 _a0395687225
020 _a039573679X (deluxe edition)
040 _aDLC
_cDLC
_dDLC
041 _aeng
080 _a423.1 BOS
082 0 0 _a423.1 BOS
_220
100 _a23
101 _aFJA
245 0 0 _aRoget's II :
_cby the editors of The American Heritage Dictionaries.
246 3 _aRoget's 2
246 3 _aRoget's two
906 _a7
_bcbc
_corignew
_d1
_eocip
_f19
_gy-gencatlg
942 _2ddc
_cBK
999 _c44913
_d44913